Statistiques concernant Pays commençant par S (avec une minute carte semi-vide)

Cliquez ici pour prendre le quiz!

Statistiques générales

  • Ce quiz a été pris 232 fois
  • Le résultat moyen est 185 sur 196

Réponses sur la Carte

Les réponses sont colorées sur une échelle allant du rouge au vert en fonction du pourcentage des utilisateurs qui les ont devinées à leur premier essai. Vous pouvez retrouver ces pourcentages ci-dessous.
 

Statistiques - réponses

pays% Correct
x
100%
Soudan
86%
Suisse
84%
Slovaquie
80%
Slovénie
79%
Soudan du Sud
79%
Suède
79%
Suriname
69%
Somalie
62%
Sénégal
61%
Serbie
53%
Syrie
49%
Sierra Leone
48%
Sri Lanka
48%
Sainte-Lucie
47%
Saint-Vincent-et-
les-Grenadines
45%
Saint-Christophe-
et-Niévès
44%
Samoa
43%
Seychelles
40%
Saint-Marin
39%
Sao Tomé-
et-Principe
37%
Salomon
34%
Singapour
33%
Swaziland
33%
Salvador
32%

Distribution des résultats

Percentile par nombre de réponses

% des personnes avec chaque résultat

Votre développement - résultats

Vous n’avez pas pris ce quiz